Policajné správy

Bibliographic Details
Main Author: (ľn) (Author)
Format: Article
Language:Slovak
Subjects:

MARC

LEADER 00000nab a2200000 a 4500
001 vtls001027163
003 SK-MaSNL
005 20260304010947.0
008 040720e20000413xo 0 slo
035 |a SL5717 
040 |a SLLK  |b slo  |c SLLK  |e AACR2 
041 0 |a slo 
044 |a xo  |c SK 
080 |a 351.74  |2 1981 
100 0 |a (ľn)  |4 aut  |9 973407 
245 1 0 |a Policajné správy 
650 0 7 |a trestné činy  |2 SLLK  |9 2181 
650 0 7 |a vlámania  |2 SLLK  |9 523349 
650 0 7 |a sexuálne zneužívanie   |2 SLLK  |9 86017 
650 0 7 |a vyšetrovanie  |2 SLLK  |9 393758 
650 0 7 |a správy policajné  |2 SLLK  |9 1022427 
651 7 |a Stará Ľubovňa (Slovensko)  |2 SLLK  |9 19193 
651 7 |a SL,  |2 SLLK  |9 1022390 
655 7 |a periodikum  |2 snkbucl  |9 29553 
773 0 8 |t Ľubovnianske noviny  |g Roč. 26, č.14, 13.4.2000, s. 2 
852 |a ZVYKNI  |b KIS3GCP 
999 |c 2563813  |d 2565743